000 00455nam a2200169Ia 4500
005 20250508162439.0
008 008 250505s9999 xx 000 0 eng d
037 _aTextual
040 _aFEDL
_beng
_cFEDL
041 _aeng
_2eng
084 _a371.97, MOF
_qFEDL
100 _aMoffatt Michael
245 3 _aAn untouchable community in south Indian
300 _axliii,323p.
942 _cTEXL
_h371.97, MOF
999 _c1376602
_d1376602